000
00301nam a2200109 a 4500
008
101209s1973|||| d
245
1
0
_a
Od Rodina po Moora
_b
slovník západoeurópskeho sochárstva 20. storočia
260
_b
Tatran
_a
Bratislava
_c
1973
044
_a
xo
_c
SK
041
_a
slo
020
_c
85
999
_c
14988
_d
14988